000 00403nam a2200169Ia 4500
005 20250425061510.0
008 240331s9999 xx 000 0 und d
020 _a9559133004
082 _bASU
_a891
100 _aAsumath,I
245 0 _aKalimuththuge purawesibhawaya
250 _a2nd
260 _aNugegoda
_bNipuna enterprises
_c1999
300 _a103 p .,
650 _aShort Stories
942 _cL
999 _c5354
_d5354